| 000 | 00900nam a2200229 a 4500 | ||
|---|---|---|---|
| 001 | 56629 | ||
| 003 | BD-RjUL | ||
| 005 | 20211209080422.0 | ||
| 008 | 161203s2001 bg ||||| |||| 00| 0 ben d | ||
| 020 |
_a9840741365 _c: TK 100.0 |
||
| 035 | _a(BD-RjUL)56753 | ||
| 040 |
_aBD-RjUL _bben _cBD-RjUL |
||
| 041 | _aben | ||
| 082 |
_223 _a500.15 _bCHR 2001 |
||
| 100 |
_aচক্রবর্তী, তপন _9147779 |
||
| 245 | 1 | 0 |
_aশতবর্ষে বাঙালির বিজ্ঞানচর্চা / _cতপন চক্রবর্তী |
| 260 |
_aঢাকা : _bবাংলা একাডেমী, _c২০০১ |
||
| 300 |
_a২৩৩ পৃ. : _bচিত্র ; _c২১ সেমি . |
||
| 650 |
_aবিজ্ঞান _9119713 _xশিক্ষা ও শিক্ষকতা |
||
| 650 |
_aScience Analysis _9168439 _xStudy & Teaching |
||
| 942 |
_2ddc _cBK |
||
| 999 |
_c56629 _d56629 |
||